| 000 | 00916nam a2200277 a 4500 | ||
|---|---|---|---|
| 001 | 000017035 | ||
| 003 | DO-SdBNP | ||
| 005 | 20250307073709.0 | ||
| 007 | ta | ||
| 008 | 100316s1963 ag 001 0 spa d | ||
| 040 |
_aDO-SdBNP _bspa _cBNPHU _erda |
||
| 082 |
_a465 _bA454g _222 |
||
| 100 | 1 |
_aAlonso, Amado _eautor _937593 |
|
| 245 | 1 | 0 |
_aGramática castellana, primer curso : _bmanual adaptado a los programas vigentes en la enseñanza secundaria / _cAmado Alonso, Pedro Henríquez Ureña. |
| 250 | _a21 ed. | ||
| 260 | _cEditorial Losada | ||
| 264 |
_aBuenos Aires, Argentina : _bEditorial Losada, _c1963 |
||
| 300 |
_a232 Paginas. ; _c19 cm. |
||
| 336 |
_2rdacontent _atexto _btxt |
||
| 337 |
_2rdamedia _asin mediación _bn |
||
| 338 |
_2rdacarrier _avolumen _bnc |
||
| 590 | _aInventariado, 2024/DG | ||
| 700 | 1 |
_aHenríquez Ureña, Pedro, _d1884-1946 _eautor _91718 |
|
| 910 | _aDG | ||
| 942 |
_2ddc _cLBS1 |
||
| 999 |
_c16561 _d16561 |
||